000 00839nam0a22002531 4500
001 rc\2607263
005 20250623133354.0
035 _a(NLR Aleph) 006771226
090 _a5946702
_c5946702
100 _a20110914d1930 |||y0rusy50 ca
101 1 _arus
_ceng
102 _aRU
105 _aa z |||||
200 1 _aПодготовка свежих томатов для рынка
_eПер. с англ.
_fФ. Е. Парсонс
210 _aМосква
_cХладоконвенция
_d1930
_gтипо-лит. им. т. Воровского
215 _a46 с.
_cил., черт.
_d23х16 см.
300 _aПредисловие: И. Я. Фельдман
700 1 _aПарсонс
_bФ.Е.
801 0 _aRU
_bNLR
_gpsbo
801 1 _aRU
_bELAR
_2rusmarc
852 _aNLR
_j30.11/598
942 _cBOOK
980 _aNB